000 00570nam a2200217Ia 4500
005 20251122105829.0
008 230125s9999 xx 000 0 und d
020 _a978-1529068252
041 _aeng
082 _a158.1
_bGLA/SLO
100 _aGlazer R
_9215506
245 _aHow to Thrive in the Virtual Workplace
250 _a1st Ed.
260 _c2021
_bBluebird Books
_aLondon
300 _a217p
500 _aPersonality Development
650 _aPersonality Development
_9213420
700 _aGlazer R & Sloan M
_9215507
906 _b124.75
942 _cBK
999 _c96726
_d96726